000
00295nam a22001337a 4500
008
170412b xxu||||| |||| 00| 0 eng d
020
_a
1895213223
041
_a
eng
080
_a
618
100
_a
10
101
_a
SHM
245
_a
HORMONAL CONTRACEPTION
_c
GOLDZIERHER.J.W
942
_2
udc
_c
BK
999
_c
10582
_d
10582